| 000 | 00503nam a2200193 a 4500 | ||
|---|---|---|---|
| 001 | 1761993633988 | ||
| 003 | YourLibrary | ||
| 005 | 20251101161253.0 | ||
| 008 | 251101s1987##################000#0#eng## | ||
| 020 | _a9780805800371 | ||
| 082 | 0 | 4 |
_a612.82 _bBAR |
| 100 | 1 |
_aBaron, Robert J., _eauthor. |
|
| 245 | 1 | 0 | _aThe Cerebral Computer : |
| 260 |
_bLawrence Erlbaum Associates, _c1987. |
||
| 300 | _a564 pages | ||
| 650 | 0 | _aMedical. | |
| 942 | _cENGLISH | ||
| 040 |
_aYourLibrary _beng _cYourLibrary |
||
| 999 |
_c595123 _d595123 |
||